Gran atlas Aguilar. (Registro nro. 1751)

Detalles MARC
000 -CABECERA
Campo de control 00708cem a22001691 4500
005 - FECHA Y HORA DE LA ULTIMA TRANSACCION
Campo de control 20151107105633.0
008 - ELEMENTOS DE LONGITUD FIJA—INFORMACION GENERAL
Campo de control 760220m19691970sp e spa
040 ## - FUENTE DE CATALOGACIÓN
Agencia catalogadora original DLC
Agencia transcriptora GU
Agencia Modificadora CNE
-- OCoLC
-- DLC
-- Co-BOIAVH
041 ## - IDIOMA
Código de idioma para texto/pista de sonido o título separado Español
044 ## - PAÍS DE PUBLICACIÓN
País de publicación España
082 00 - NUMERO DE CLASIFICACION DECIMAL DEWEY
Número de clasificación 912
Número del ítem A28a
245 00 - MENCION DE TITULO
Título Gran atlas Aguilar.
260 ## - PUBLICACION, DISTRIBUCION, ETC. (PIE DE IMPRENTA)
Lugar de publicación, distribución, etc. Madrid:
Nombre del editor, distribuidor, etc. Aguilar S.A. de Ediciones
Fecha de publicación, distribución, etc. 1970.
300 ## - DESCRIPCION FISICA
Extensión 1 atlas (3 v.) :
Otros detalles físicos mapas a color
Dimensiones 51 centímetros
505 0# - NOTA DE CONTENIDO
Nota de contenido v. 1 Europa, norte de Asia. -- v. 2. Sur de Asia, África, Oceanía, América, mapas generales, mapas temáticos. -- v. 3. Índice de topónimos, sistemas de transcripción, abreviaturas utilizadas en los mapas, relación de términos geográficos.
942 ## - ELEMENTOS ADICIONALES (KOHA)
Sistema de clasificación Dewey Decimal Classification
Tipo de ítem Referencia
Existencias
Withdrawn status Lost status Sistema de Clasificación Damaged status No para préstamo Colección Inventariado Ubicación Permanente Ubicación actual Fecha de adquisición Fuente de Valor Total Checkouts Número topográfico Inventario / Código de Barras Date last seen Ejemplar Price effective from Forma de adquisición Tipo de material
    Dewey Decimal Classification     Referencia Inventariado 2017 Bogotá Bogotá 15/01/1998 www.todocoleccion.net   RF-918 003781 04/12/2012 V.1 Ej.1 04/12/2012   Referencia
    Dewey Decimal Classification     Referencia   Bogotá Bogotá 15/01/1998 Inderena   RF-918 003780 04/12/2012 V.2 Ej.1 04/12/2012   Referencia
    Dewey Decimal Classification     Referencia   Bogotá Bogotá 15/01/1998 Inderena   RF-918 003782 04/12/2012 V.3 Ej.1 04/12/2012   Referencia